Countries that Beat Singapore - Statistics

General Stats
  • This quiz has been taken 17 times
  • The average score is 4 of 6
Answer Stats
Rank Catagory Answer % Correct
3 Has the southernmost capital in Asia Timor-Leste | Indonesia
100%
2 Home to the busiest container port in the world China
87%
2 Most densely populated country in the world Monaco
73%
2 Smallest country in Asia by area Maldives
67%
5 Has the most tourists per capita in Asia Bahrain | Cyprus | Maldives | Qatar
60%
6 Highest GDP per capita Liechtenstein | Luxembourg | Ireland | Switzerland | Iceland
60%
No matching quizzes found
Score Distribution
Percent of People with Each Score
Percentile by Number Answered
Your Score History
You have not taken this quiz